| 000 | 00678nam a2200217 i 4500 | ||
|---|---|---|---|
| 001 | 65313 | ||
| 003 | ES-MaACL | ||
| 005 | 20230906165338.0 | ||
| 007 | t| | ||
| 008 | 040112s1972 sp ||||1| spa d | ||
| 100 | 1 |
_aFreinet, Elise. _952453 |
|
| 245 | 1 | 0 |
_a¿Cuál es la parte del maestro? ¿Cuál es la parte del niño? / _cElise Freinet ; [traducción de, Juan Samit]. |
| 250 | _a[1ª ed.]. | ||
| 260 |
_aBarcelona : _bLaia, _c[1972] |
||
| 300 |
_a85 p. ; _c17 cm. |
||
| 490 | 1 |
_aBiblioteca escuela moderna ; _v7 |
|
| 700 | 1 |
_aSamit, Juan. _9102175 |
|
| 830 | 0 |
_aBiblioteca escuela moderna ; _v7 _9182957 |
|
| 852 |
_aES-MaACL _jC-43882 _bR.82855 |
||
| 999 |
_c65313 _d65313 |
||